| 000 | 00818nam a22002057a 4500 | ||
|---|---|---|---|
| 999 |
_c532863 _d532863 |
||
| 003 | NUST | ||
| 005 | 20191204111251.0 | ||
| 008 | 191204b ||||| |||| 00| 0 eng d | ||
| 038 | _aIESE | ||
| 082 |
_a628 _bRAF |
||
| 100 |
_aRafi,Fouzia, Rabeia Malik, Ibrahim Atique, Ahmad Kamal. _926476 |
||
| 245 |
_aEffect of varying organic loading rate on bio hydrogen production from food waste in a semi continuous reactor. _cFouzia Rafi, Rabeia Malik, Ibrahim Atique, Ahmad Kamal. |
||
| 260 |
_aIslamabad _bIESE (SCEE) NUST _c2019. |
||
| 300 |
_a38p. _bH.B |
||
| 440 |
_aUG Environmental Engineering _91834 |
||
| 500 | _aThesis UG EE | ||
| 650 |
_aEnvironmental Engineering _91550 |
||
| 700 | _4Dr. Zeshan Sheikh (Supervisor) | ||
| 942 |
_2ddc _cTHE _kIESE |
||